Make a Flag - Statistics

General Stats
  • This quiz has been taken 194 times
  • The average score is 18 of 32
Answer Stats
Question Answer % Correct
Flag of France: Pattern
92%
Flag of France: Color Blue, White, Red
92%
Flag of France: Symbol None
78%
Flag of France: Symbol Placement No Symbol
72%
Flag of Turkey: Pattern
69%
Flag of Turkey: Symbol
69%
Flag of Norway: Pattern
67%
Flag of Norway: Symbol None
67%
Flag of India: Symbol
64%
Flag of Japan: Symbol
61%
Flag of India: Symbol Placement Center
61%
Flag of Norway: Symbol Placement No Symbol
61%
Flag of India: Pattern
58%
Flag of Japan: Pattern
58%
Flag of Turkey: Color Red
56%
Flag of Norway: Color Red, White, Blue
56%
Flag of Egypt: Symbol
53%
Flag of Canada: Symbol
53%
Flag of Argentina: Symbol
53%
Flag of Egypt: Symbol Placement Center
53%
Flag of Egypt: Pattern
50%
Flag of Canada: Color Red, White, Red
50%
Flag of Turkey: Symbol Placement Center
47%
Flag of Japan: Symbol Placement Center
47%
Flag of Argentina: Symbol Placement Center
47%
Flag of Japan: Color White
47%
Flag of Argentina: Pattern
44%
Flag of Argentina: Color Blue, White, Blue
44%
Flag of Canada: Symbol Placement Center
44%
Flag of Canada: Pattern
36%
Flag of India: Color Orange, White, Green
36%
Flag of Egypt: Color Red, White, Black
31%
No matching quizzes found
Score Distribution
Percent of People with Each Score
Percentile by Number Answered
Your Score History
You have not taken this quiz